| 000 | 00765nam a2200253 a 4500 | ||
|---|---|---|---|
| 001 | 68076 | ||
| 003 | BD-RjUL | ||
| 005 | 20211209081728.0 | ||
| 008 | 170330s1987 nyu 001 0 eng d | ||
| 020 | _a0471849138 | ||
| 035 | _a(BD-RjUL)68285 | ||
| 040 |
_aBD-RjUL _beng _cBD-RjUL |
||
| 041 | _aeng | ||
| 082 |
_223 _a005.133 _bASC 1987 |
||
| 100 | 1 |
_aAshley, Ruth. _9201809 |
|
| 245 | 1 | 0 |
_aCOBOL wizard : _ba Wiley programmer's reference / _cRuth Ashley, Judi Fernandez |
| 260 |
_aNew York : _bJohn Wiley & Sons, Inc., _cc1987. |
||
| 300 |
_a236 p ; _c23 cm. |
||
| 504 | _aIncludes index | ||
| 650 |
_aComputer programming. _9138757 |
||
| 650 |
_aCobol (Programming Language) _9201810 |
||
| 700 | 1 |
_aFernandez, Judi N., _d1941- _9201811 |
|
| 942 |
_2ddc _cBK |
||
| 999 |
_c68076 _d68076 |
||